| 000 | 00868nam a2200277Ia 4500 | ||
|---|---|---|---|
| 001 | Para_5499 | ||
| 003 | CHAP | ||
| 008 | 220125s1935 xx 000 0 und d | ||
| 010 | _a203958 | ||
| 040 | _cCHAP | ||
| 090 | _aPA FOLLETO 2811 | ||
| 100 |
_aPlumer, C. C. _989316 |
||
| 245 |
_aThe disposal by burial on fruit infested with larvae of the mexican fruit fly / _c by C. C. Plummer and W. E. Stone |
||
| 260 |
_aWashingoton : _b Department of Agriculture |
||
| 300 | _a16 p. | ||
| 440 |
_aEUA. Dep. of Agri. Circular; 349 _9169970 |
||
| 650 |
_aAnastrepha ludens Control biológico de insectos Fruta _x Plagas _9169971 |
||
| 700 |
_aStone, W. E. _9109898 |
||
| 901 | _aPA FOLLETO 2811 | ||
| 902 | _aA | ||
| 905 | _a0000001935 WAS 0000000000 00 | ||
| 910 | _a1935 | ||
| 942 | _cPARA | ||
| 942 |
_cPARA _d1 |
||
| 999 |
_c203958 _d203958 |
||